000 00308nam a2200109 4500
999 _c10478
_d10478
008 180831b ||||| |||| 00| 0 eng d
245 _aHuman rights action plan to be crafted in Phl.
260 _aDavao City
_bSun Star Davao
_cc2017
300 _apage 16.
650 0 _930759
_aHuman rights.
942 _2ddc
_cPER